• 首页
  • 本馆介绍
  • 公告通知
  • 最新文献
  • 馆藏检索
  • 电子资源
  • 读者导购
  • 参考咨询
  • 我的图书馆
  • 登录
  • 详细信息显示
  • 放入我的书架
  • 预约/预借图书
  • 作者相关作品
  • 分类相关作品
  • 丛书相关作品
  • 出版社相关作品

书目信息

  • 表格格式
  • 工作单格式
  • 卡片格式
题名:
明代文话研究
    
 
作者: 龚宗杰 著
分册:  
出版信息: 北京   中华书局  2019
页数: 430页
开本: 21cm
丛书名: 中国近世文学批评研究丛书
单 册:
中图分类: I206.48
科图分类:
主题词: 中国文学--zhong guo wen xue--古典文学研究--明代
电子资源:
ISBN: 978-7-101-14276-1
000 01135oam2 2200265 450
001 2131057541
005 20211029202829.0
010    @a978-7-101-14276-1@dCNY56.00
100    @a20200109d2019 kemy0chiy0120 ea
101 0  @achi
102    @aCN@b110000
105    @ay v 000yy
106    @ar
200 1  @a明代文话研究@Aming dai wen hua yan jiu@f龚宗杰著
210    @a北京@c中华书局@d2019
215    @a430页@d21cm
225 2  @a中国近世文学批评研究丛书@Azhong guo jin shi wen xue pi ping yan jiu cong shu@f陈广宏主编
300    @a国家社科基金重大项目“全明诗话新编”的阶段性成果
330    @a本书以全面梳理明代文话文献为基础,从话语体系、文本形态、表述策略、批评意义、文化语境等多方面,探讨明人文话的文本特性与理论品格;引入“近世性”研究视角,结合明代特有的学术风尚和社会氛围,重点考察文评、文法类著作的实用性、通俗化及商业化特征,并以此呈现明代文章学及文学批评发展的近世趋向。
461  0 @12001 @a中国近世文学批评研究丛书
606 0  @a中国文学@Azhong guo wen xue@x古典文学研究@z明代
690    @aI206.48@v5
701  0 @a龚宗杰@Agong zong jie@4著
801  0 @aCN@b百万庄@c20211029
905    @b1313543-46@dI206.48@e406@f4
    
    明代文话研究/龚宗杰著.-北京:中华书局,2019
    430页;21cm.-(中国近世文学批评研究丛书/陈广宏主编)
    国家社科基金重大项目“全明诗话新编”的阶段性成果
    
    ISBN 978-7-101-14276-1:CNY56.00
    本书以全面梳理明代文话文献为基础,从话语体系、文本形态、表述策略、批评意义、文化语境等多方面,探讨明人文话的文本特性与理论品格;引入“近世性”研究视角,结合明代特有的学术风尚和社会氛围,重点考察文评、文法类著作的实用性、通俗化及商业化特征,并以此呈现明代文章学及文学批评发展的近世趋向。
●
相关链接 在E读中查询图书 在五车中查询图书 在当当中查询图书 在豆瓣中查询图书


正题名:明代文话研究     索取号:I206.48/406         预约/预借

序号 登录号 条形码 馆藏地/架位号 状态 备注
1 1313543   213135436   第一样本阅览室/ [索取号:I206.48/406] 在馆    
2 1313544   213135445   第二借阅区/ [索取号:I206.48/406] 在馆    
3 1313545   213135454   第二借阅区/ [索取号:I206.48/406] 在馆    
4 1313546   213135463   第二借阅区/ [索取号:I206.48/406] 在馆    
唐山师范学院图书馆 欢迎您!
大连网信软件有限公司© 版权所有